Studies in the History of the English Language IV : (Record no. 623098)

MARC details
000 -LEADER
fixed length control field 00525nam a2200193 a 4500
008 - FIXED-LENGTH DATA ELEMENTS--GENERAL INFORMATION
fixed length control field 260512s2008##################000#0#eng##
020 ## - INTERNATIONAL STANDARD BOOK NUMBER
ISBN 9783110205879
082 04 - DEWEY DECIMAL CLASSIFICATION NUMBER
Classification number 420.9
Item number FIT
100 1# - MAIN ENTRY--AUTHOR NAME
Personal name Minkova, Donka,
245 10 - TITLE STATEMENT
Title Studies in the History of the English Language IV :
260 ## - PUBLICATION, DISTRIBUTION, ETC. (IMPRINT)
Name of publisher De Gruyter Mouton,
Year of publication 2008.
300 ## - PHYSICAL DESCRIPTION
Number of Pages 452 pages
650 #0 - SUBJECT ADDED ENTRY--TOPICAL TERM
Topical Term Language Study.
942 ## - ADDED ENTRY ELEMENTS (KOHA)
Koha item type English Books
Holdings
Withdrawn status Lost status Damaged status Not for loan Home library Current library Date acquired Full call number Accession Number Price effective from Koha item type
        Anna Centenary Library Anna Centenary Library 12.05.2026 420.9 FIT 388527 12.05.2026 English Books

Find us on the map